000 00436ntaaa2200157 4500
003 01
005 20251027203008.0
008 0714s1973 ag 01
040 _aAR-BaBN
_bspa
_cAR-BaBN
_eaacr
_dRIC
100 _aKeene, Carolyn
_930986
245 _aThe clue in the old stagecoach /
_cCarolyn Keene
260 _aLondon :
_bSampson Low,
_cc1963
300 _a160 p.
500 _aBAJA PATRIMONIAL POR OBSOLESCENCIA 20180814
942 _cBK
999 _c25381
_d25381